| 000 | 00339nam a2200109Ia 4500 | ||
|---|---|---|---|
| 008 | 220620s9999||||xx |||||||||||||| ||und|| | ||
| 245 | 4 | _aThe Routledge Handbook of Critical Finance Studies | |
| 546 | _aEnglish[eng] | ||
| 650 | _afinance||economics||sociology||financial crisis | ||
| 700 | _aBorch, Christian||Wosnitzer, Robert | ||
| 942 | _cEB | ||
| 999 |
_c33077 _d33077 |
||